|
|
|
|
| LEADER |
01974nam a2200505 a 4500 |
| 001 |
nkc20102115586 |
| 003 |
CZ PrNK |
| 005 |
20120419121517.0 |
| 007 |
ta |
| 008 |
100712s2011 xr a f f 000 0 cze |
| 015 |
|
|
|a cnb002115586
|
| 020 |
|
|
|a 978-80-86256-79-5
|q (váz.)
|
| 035 |
|
|
|a (OCoLC)773170522
|
| 040 |
|
|
|a BOA001
|b cze
|d ABA001
|
| 072 |
|
7 |
|a 616
|x Patologie. Klinická medicína
|2 Konspekt
|9 14
|
| 080 |
|
|
|a 616.5
|2 MRF
|
| 080 |
|
|
|a 616-036.1
|2 MRF
|
| 080 |
|
|
|a 616-001.4-003.9
|2 MRF
|
| 080 |
|
|
|a 616-001.4-08
|2 MRF
|
| 080 |
|
|
|a (035)
|2 MRF
|
| 245 |
0 |
0 |
|a Repetitorium hojení ran 2 /
|c Jan Stryja ... [et al.]
|
| 250 |
|
|
|a Vyd. 1.
|
| 260 |
|
|
|a Semily :
|b Geum,
|c 2011
|
| 300 |
|
|
|a 371 s. :
|b il. (převážně barev.) ;
|c 22 cm
|
| 500 |
|
|
|a "Publikace je doporučenou studijní literaturou Akreditovaného kvalifikačního kurzu: Kurz ošetřování ran a kožních defektů metodou vlhkého hojení I."--Rub. tit. s.
|
| 504 |
|
|
|a Obsahuje bibliografii
|
| 521 |
8 |
|
|a Určeno odborné zdravotnické veřejnosti
|
| 650 |
0 |
7 |
|a kožní nemoci
|7 ph134859
|2 czenas
|
| 650 |
0 |
7 |
|a chronické nemoci
|7 ph134824
|2 czenas
|
| 650 |
0 |
7 |
|a hojení ran
|7 ph138326
|2 czenas
|
| 650 |
0 |
7 |
|a terapie ran
|7 ph309638
|2 czenas
|
| 650 |
0 |
9 |
|a skin diseases
|2 eczenas
|
| 650 |
0 |
9 |
|a chronic diseases
|2 eczenas
|
| 650 |
0 |
9 |
|a wound healing
|2 eczenas
|
| 650 |
0 |
9 |
|a wound therapy
|2 eczenas
|
| 655 |
|
7 |
|a příručky
|7 fd133209
|2 czenas
|
| 655 |
|
9 |
|a handbooks and manuals
|2 eczenas
|
| 700 |
1 |
|
|a Stryja, Jan,
|d 1973-
|7 mzk2008472904
|4 aut
|
| 910 |
2 |
|
|a BOA001
|b 2-1274.467
|
| 990 |
|
|
|a BK
|
| 995 |
|
|
|a 01
|
| 991 |
|
|
|b 201112
|c NOV
|j 616.5 STR
|e n
|
| 996 |
6 |
|
|b 2610494325
|c 2-1274.467
|l MZK
|r Sklad / do 1 hodiny
|n 2
|p p.v.
|w 001216044
|u 000010
|a 1
|e BOA001
|j MZK50
|s P
|
| 996 |
7 |
|
|b 2610508873
|c 2-1274.467
|l MZK
|r Sklad / do 1 hodiny
|n 17
|p kup
|w 001216044
|u 000020
|a 1
|e BOA001
|j MZK50
|s A
|
| 996 |
7 |
|
|b 2610508874
|c 2-1274.467
|l MZK
|r Sklad / do 1 hodiny
|n 13
|p kup
|w 001216044
|u 000030
|a 1
|e BOA001
|j MZK50
|s A
|